Principles And Practices of Management (Record no. 209720)
[ view plain ]
| 000 -LEADER | |
|---|---|
| fixed length control field | 00568nam a22001937a 4500 |
| 005 - DATE AND TIME OF LATEST TRANSACTION | |
| control field | 20250225120632.0 |
| 010 ## - LCCN (DPL NO) | |
| LC control number | ENG-143906 |
| 020 ## - INTERNATIONAL STANDARD BOOK NUMBER | |
| Terms of availability | 120.00 |
| International Standard Book Number | 9789350015490 |
| 035 ## - SYSTEM CONTROL NUMBER | |
| System control number | EN-127438 |
| 037 ## - SOURCE OF ACQUISITION | |
| Source of stock number/acquisition | DBAD/PUB |
| 082 ## - DEWEY DECIMAL CLASSIFICATION NUMBER | |
| Classification number | 658.87 |
| 100 ## - MAIN ENTRY--PERSONAL NAME | |
| Personal name | Raju, K. Venkata Krishna |
| 245 ## - TITLE STATEMENT | |
| Title | Principles And Practices of Management |
| Statement of responsibility, etc | by K. Venkata Krishna Raju |
| 250 ## - EDITION STATEMENT | |
| Edition statement | 01 |
| 260 ## - PUBLICATION, DISTRIBUTION, ETC. (IMPRINT) | |
| Place of publication, distribution, etc | Perambalur |
| Name of publisher, distributor, etc | Mercury Printers &Publication |
| Date of publication, distribution, etc | 2017 |
| 270 ## - ADDRESS | |
| City | Perambalur |
| Postal code | 621212 |
| 300 ## - PHYSICAL DESCRIPTION | |
| Extent | 144p.g |
| Dimensions | 20cm(pbk) |
| 942 ## - ADDED ENTRY ELEMENTS (KOHA) | |
| Source of classification or shelving scheme | Dewey Decimal Classification |
| Item type | English Books |
| Classification part | 658.87 |
| Call number suffix | RAJ |
| Withdrawn status | Lost status | Not for loan | Collection code | Home library | Current library | Date acquired | Source of acquisition | Cost, normal purchase price | Full call number | Barcode | Cost, replacement price | Koha item type |
|---|---|---|---|---|---|---|---|---|---|---|---|---|
| Non-fiction | Central Library | Central Library | 25/02/2025 | DBAD | 120.00 | 658.87 RAJ | EN-127438 | 120.00 | English Books |
